| 000 | 00000nam 2200000zi 4500 |
| 001 | 9.947411 |
| 003 | CaOODSP |
| 005 | 20250127143841 |
| 006 | m o d f |
| 007 | cr mn||||||||| |
| 008 | 250127t19911992oncd o f000 0 fre d |
| 020 | |z0662977254 |
| 040 | |aCaOODSP|bfre|erda|cCaOODSP |
| 043 | |an-cn--- |
| 086 | 1 |aZ1-1989/1-41-5F-PDF|zZ1-1989/1-41-5F |
| 245 | 03|aLe Coût du transport interurbain par véhicule automobile privé / |cPilorusso Research & Consulting Inc. |
| 264 | 1|a[Ottawa] : |b[Commission royale sur le transport des voyageurs au Canada], |caoût 1991. |
| 264 | 4|c©1992 |
| 300 | |a1 ressource en ligne (12 pages) : |bgraphiques |
| 336 | |atexte|btxt|2rdacontent/fre |
| 337 | |ainformatique|bc|2rdamedia/fre |
| 338 | |aressource en ligne|bcr|2rdacarrier/fre |
| 500 | |aPublié aussi en anglais sous le titre : The cost of inter-city travel by private motor vehicle. |
| 500 | |a« Rapport rédigé pour la Division de la recherche, Commission royale sur le transport des voyageurs au Canada. » |
| 500 | |a« RR-05. » |
| 500 | |aÉdition numérisée de l'imprimée [par Direction des publications du gouvernement du Canada]. |
| 650 | 6|aAutomobiles|zCanada|xFrais d'exploitation. |
| 650 | 6|aAutomobiles|zCanada|xCarburants|xConsommation|xOpinion publique. |
| 650 | 6|aCamions|zCanada|xFrais d'exploitation. |
| 710 | 1 |aCanada. |bCommission royale sur le transport des voyageurs au Canada. |bDivision de la recherche, |eorganisme de publication. |
| 710 | 2 |aPilorusso Research Associates, |econsultant. |
| 775 | 08|tThe cost of inter-city travel by private motor vehicle / |w(CaOODSP)9.947406 |
| 856 | 40|qPDF|s2.00 Mo|uhttps://publications.gc.ca/collections/collection_2025/bcp-pco/Z1-1989-1-41-5-fra.pdf |